Top 10 Countries By Oil Usage - Statistics

General Stats
  • This quiz has been taken 19 times
  • The average score is 8 of 9
Answer Stats
Oil Barrels Consumed Daily Country % Correct
12,791,553 China
100%
3,631,287 Russia
100%
19,687,287 United States
100%
2,984,000 Brazil
94%
4,012,877 Japan
94%
2,486,301 Canada
89%
4,443,000 India
89%
3,302,000 Saudi Arabia
89%
2,605,440 South Korea
72%
No matching quizzes found
Score Distribution
Percent of People with Each Score
Percentile by Number Answered
Your Score History
You have not taken this quiz